[Event "TUN-chT U16"]
[Site "Kelibia"]
[Date "2021.11.04"]
[Round "4.2"]
[White "Kolsi, Amine"]
[Black "Zenaidi, Sadok"]
[Result "1/2-1/2"]
[WhiteElo "1286"]
[BlackElo "1318"]
[PlyCount "39"]
[EventDate "2021.11.03"]
[EventType "team-tourn"]
[EventRounds "10"]
[EventCountry "TUN"]
[SourceTitle "CBM 205 Extra"]
[Source "ChessBase"]
[SourceDate "2022.01.31"]
[SourceVersion "1"]
[SourceVersionDate "2022.01.31"]
[SourceQuality "1"]
[WhiteTeam "Ariana Sporting"]
[BlackTeam "Bouhjar"]
[WhiteTeamCountry "TUN"]
[BlackTeamCountry "TUN"]

1. e4 c5 2. Nf3 d6 3. Bb5+ Bd7 4. Bxd7+ Qxd7 5. c4 Nc6 6. Nc3 Nf6 7. d4 cxd4 8. Nxd4 g6 9. f3 Nxd4 10. Qxd4 Bg7 11. Be3 0-0 12. Qd2 Rac8 13. 0-0 a6 14. Nd5 Nxd5 15. cxd5 Qa4 16. b3 Qa3 17. Rac1 Bb2 18. Rc2 Rc7 19. Rc5 Rxc5 20. Qc2 1/2-1/2

[Event "TUN-ch U16"]
[Site "Monastir"]
[Date "2021.09.05"]
[Round "9"]
[White "Zenaidi, Sadok"]
[Black "Jaziri, Yassine"]
[Result "0-1"]
[WhiteElo "1257"]
[BlackElo "1368"]
[PlyCount "29"]
[EventDate "2021.09.01"]
[EventType "swiss"]
[EventRounds "9"]
[EventCountry "TUN"]
[SourceTitle "EXT 2023"]
[Source "ChessBase"]
[SourceDate "2022.10.05"]
[SourceVersion "1"]
[SourceVersionDate "2022.10.05"]
[SourceQuality "1"]

1. e4 e5 2. Nf3 Nc6 3. Bc4 Bc5 4. c3 Nf6 5. d4 exd4 6. e5 Ne4 7. cxd4 Bb4+ 8. Nbd2 d5 9. Bb5 0-0 10. 0-0 Bxd2 11. Bxd2 Bg4 12. Be3 Ne7 13. h3 Bh5 14. Bf4 c6 15. Bd3 0-1